Statistics for Top 5 Longest Rivers by Continent

Click here to take the quiz!

General Stats

  • This quiz has been taken 774 times
  • The average score is 15 of 30

Answer Stats

AfricaKm/miRiver% Correct
16,650/4,132Nile
98%
16,400/3,977Amazon–Ucayali–Apurímac
93%
16,275/3,902Mississippi–Missouri–Jefferson
92%
22,888/1,795Danube–Breg
90%
24,700/2,920Congo–Chambeshi (Zaïre)
89%
13,645/2,266Volga
89%
35,464/3,395Yellow River
85%
16,300/3,915Yangtze
81%
34,184/2,600Niger
78%
42,574/1,599Zambezi
72%
13,672/2,282Murray–Darling
67%
43,057/1900Rio Grande
65%
24,880/3,030Paraná–Rio de la Plata
62%
45,410/3,361Ob–Irtysh
58%
33,058/1900Saint Lawrence–Niagara–Detroit–Saint Clair–Saint Marys–Saint Louis
50%
54,444/2,761Amur–Argun
47%
24,241/2,635Mackenzie–Slave–Peace–Finlay
44%
25,539/3,442Yenisei–Angara–Selenge
36%
42,287/1,421Dnieper
35%
51,870/1,162Don
34%
32,428/1,509Ural
29%
43,380/2,100Madeira–Mamoré–Grande–Caine–Rocha
19%
33,650/2,658Tocantins–Araguaia
14%
52,570/1,597Nelson–Saskatchewan
12%
53,211/1995Purús
11%
52,270/1,411Ubangi–Uele
11%
41,420/882Cooper–Barcoo
7%
21,600/994Murrumbidgee River
6%
31,440/895Lachlan River
5%
51,400/870Warburton–Georgina
3%

Score Distribution

Percentile by Number Answered

Percent of People with Each Score

Your Score History

You have not taken this quiz